Servidumbres personales de indios

Na minha lista:
Detalhes bibliográficos
Autor principal: Agia, Miguel (Author)
Formato: Livro
Idioma:espanhol
Publicado em: Sevilla Hispalensis 1946
Colecção:Publicaciones de la Escuela de Estudios Hispano-Americanos de Sevilla, 25
Assuntos:
Tags: Adicionar Tag
Sem tags, seja o primeiro a adicionar uma tag!

MARC

LEADER 00000nam a2200000 a 4500
001 UCO2690
003 CL-VaPUC
008 000608e19460000SP |||||||||||||||||spa|d
082 0 4 |a 346.043  |b AGI  |2 21 
100 0 |a Agia, Miguel  |e author  |9 446222 
245 1 0 |a Servidumbres personales de indios 
300 |a 141 p 
942 |c BK 
945 |d 20000608 00:00:00  |a rherrera 
260 |a Sevilla  |b Hispalensis  |c 1946 
650 7 |a SERVIDUMBRES  |2 CL-VaPUC  |9 256762 
650 0 |a Derecho Real  |9 390880 
650 7 |a HISTORIA DE AMERICA SIGLO 16  |2 CL-VaPUC  |9 317731 
651 0 |a América  |9 255182 
583 |a last modification  |c 20161102 12:21:00  |k Rodrigo Vera 
490 0 |a Publicaciones de la Escuela de Estudios Hispano-Americanos de Sevilla, 25 
999 |c 289189  |d 289187 
952 |0 0  |1 0  |4 0  |6 346_043000000000000_AGI_1946  |7 0  |8 X  |9 337413  |a BIBHIS  |b BIBHIS  |d 2019-11-20  |i 128598K  |o 346.043 AGI 1946  |p 128598K  |r 2024-01-30  |w 2019-11-20  |y BK_X  |k HIS